Fr. Conceicao Rodrigues College of Engineering

The 80x86 Family:Desin (Record no. 26854)

MARC details
000 -LEADER
fixed length control field 00285nam a2200133Ia 4500
082 ## - DEWEY DECIMAL CLASSIFICATION NUMBER
Classification number 4.16
Item number UFF
100 ## - MAIN ENTRY--PERSONAL NAME
Personal name Uffenbeck / john
245 ## - TITLE STATEMENT
Title The 80x86 Family:Desin
260 ## - PUBLICATION, DISTRIBUTION, ETC.
Name of publisher, distributor, etc. Pearson Education
Date of publication, distribution, etc. 2002
300 ## - PHYSICAL DESCRIPTION
Extent 678
546 ## - LANGUAGE NOTE
Language note ENGLISH
654 ## - SUBJECT ADDED ENTRY--FACETED TOPICAL TERMS
Focus term programming
942 ## - ADDED ENTRY ELEMENTS (KOHA)
Koha item type BOOK
Holdings
Withdrawn status Lost status Damaged status Not for loan Collection Home library Current library Date acquired Total Checkouts Full call number Barcode Date last seen Price effective from Koha item type Date last checked out
        CRC Fr. Agnel's C.Rodrigues College of Engineering AGNEL TECHNICAL COLLEGE LIBRARY 17/03/2023   4.16 UFF 13718 01/09/2025 17/03/2023 BOOK  
        CRC Fr. Agnel's C.Rodrigues College of Engineering Fr. Agnel's C.Rodrigues College of Engineering 17/03/2023   4.16 UFF 13716 17/03/2023 17/03/2023 BOOK  
        CRC Fr. Agnel's C.Rodrigues College of Engineering Fr. Agnel's C.Rodrigues College of Engineering 17/03/2023 1 4.16 UFF 13717 27/06/2024 17/03/2023 BOOK 13/02/2024
        CRC Fr. Agnel's C.Rodrigues College of Engineering Fr. Agnel's C.Rodrigues- College of Engineering 17/03/2023 1 4.16 UFF 13719 10/07/2023 17/03/2023 BOOK 12/06/2023